Eurovision : Titres des chansons (2013-2023) - Statistiques

Statistiques générales
  • Ce quiz a été pris 86 fois
  • Le résultat moyen est 13 sur 22
Statistiques - réponses
Hint Réponse % Correct
Autriche 2014 Rise Like A Phoenix
90%
Ukraine 2016 1944
81%
Finlande 2023 Cha Cha Cha
79%
Italie 2023 Due Vite
69%
Autriche 2023 Who the Hell Is Edgar?
69%
Arménie 2023 Future Lover
67%
Lituanie 2023 Stay
67%
Suède 2014 Undo
63%
Finlande 2021 Dark Side
61%
Chypre 2019 Replay
60%
Norvège 2019 Spirit in the Sky
60%
Bulgarie 2017 Beautiful Mess
54%
Belgique 2017 City Lights
54%
Azerbaidjan 2022 Fade to black
52%
Israel 2022 I.M
52%
Islande 2020 Think About Things
52%
Géorgie 2015 Warrior
49%
Malte 2019 Chameleon
48%
Estonie 2019 Storm
46%
Biélorussie 2018 Forever
40%
Azerbaijan 2013 Hold me
40%
Norvège 2015 A Monster Like Me
37%
Aucun quiz correspondant
Distribution des résultats
% des personnes avec chaque résultat
Percentile par nombre de réponses
Votre historique - résultats
Vous n’avez pas pris ce quiz